Welcome to CU Library Online Public Access Catalogue (OPAC)

Fundamental skills in surgery / (Record no. 3764)

MARC details
000 -LEADER
fixed length control field 00661pam a2200229 a 4500
001 - CONTROL NUMBER
control field 1579903
005 - DATE AND TIME OF LATEST TRANSACTION
control field 20250209161001.0
008 - FIXED-LENGTH DATA ELEMENTS--GENERAL INFORMATION
fixed length control field 930819s1994 paua 001 0 eng c
020 ## - INTERNATIONAL STANDARD BOOK NUMBER
International Standard Book Number 9780721623559
050 00 - LIBRARY OF CONGRESS CALL NUMBER
Classification number RD31
Item number .N38 1994
082 00 - DEWEY DECIMAL CLASSIFICATION NUMBER
Classification number 617
Edition information 20
100 1# - MAIN ENTRY--PERSONAL NAME
Personal name Nealon, Thomas F.,
Dates associated with a name 1920-
245 10 - TITLE STATEMENT
Title Fundamental skills in surgery /
Statement of responsibility, etc. Thomas F. Nealon, Jr., William H. Nealon.
250 ## - EDITION STATEMENT
Edition statement 4th ed.
260 ## - PUBLICATION, DISTRIBUTION, ETC.
Place of publication, distribution, etc. Philadelphia :
Name of publisher, distributor, etc. W.B. Saunders,
Date of publication, distribution, etc. c1994.
300 ## - PHYSICAL DESCRIPTION
Extent x, 468 p. :
Other physical details ill. ;
Dimensions 24 cm.
500 ## - GENERAL NOTE
General note Includes index.
650 #0 - SUBJECT ADDED ENTRY--TOPICAL TERM
Topical term or geographic name entry element Surgery.
650 #2 - SUBJECT ADDED ENTRY--TOPICAL TERM
Topical term or geographic name entry element Surgery, Operative.
700 1# - ADDED ENTRY--PERSONAL NAME
Personal name Nealon, William H.
942 ## - ADDED ENTRY ELEMENTS (KOHA)
Source of classification or shelving scheme Library of Congress Classification
Koha item type Books
Edition 4th ed.
Suppress in OPAC No
999 ## -
-- 3764
-- 3764
Holdings
Withdrawn status Lost status Source of classification or shelving scheme Damaged status Not for loan Collection Home library Current library Shelving location Date acquired Total checkouts Full call number Barcode Date last seen Copy number Price effective from Koha item type
    Library of Congress Classification     Non-fiction Science Library (Miotso) Science Library (Miotso) General stacks 02/09/2025   RD31 .N38 NEA SLM00003416 02/09/2025 1 02/09/2025 Books
© 2023-2024 Copyright: Central University Libraries. All Rights Reserved | Created by: Mahone Tech Office